| 000 | 00625nam a22001697a 4500 | ||
|---|---|---|---|
| 999 |
_c14996 _d14996 |
||
| 003 | AR-CdUCM | ||
| 008 | 190425b ||||| |||| 00| 0 spa d | ||
| 040 |
_aMUNICIPALIDAD PROVINCIAL DEL CUSCO _cBIBLIOTECA MUNICIPAL DEL CUSCO |
||
| 082 |
_aC / 340.4 / _bA19 |
||
| 100 |
_aAcurio Castillo, Zenon Santos _933990 |
||
| 245 | _aLas horas extras para el trabajador de la educación / | ||
| 260 |
_aCusco : _bUNSAAC, _c1977. |
||
| 300 |
_a146 hojas ; _c30 cm. |
||
| 505 | _aGeneralidades y la realidad de trabajador de la educación --Remuneraciones y horas extras del magisterio peruano... | ||
| 942 |
_2ddc _cTESIS |
||
| 945 | _awfj | ||